000 00525nam a2200181Ia 4500
005 20250326124847.0
008 250326s9999 xx 000 0 und d
037 _aTextbook
040 _aFMSL
_beng
_cFMSL
041 _aeng
_2eng
084 _aX:89ZB.441 M3
_qFMSL
100 _aMuthayya B C
245 0 _aWelfare programmes
_cMuthayya B C
260 _aHyderabad
_bHyderabad, National Institute Of Rural Development
_c1983
300 _a136p
942 _cTB
_hX:89ZB.441 M3
999 _c1275538
_d1275538